000 00675nam a2200193 a 4500
005 20160108040604.0
008 140317b1993 ||||| |||| 00| 0 eng d
040 _aCO-BoIAVH
_cCO-BoIAVH
041 _aeng
082 0 4 _a598
_bD59d
245 0 0 _aDirectory of neotropical ornithology /
_bCompiled by Kenneth V. Rosenberg, and David A. Wiedenfeld.
250 _aSegunda edición
260 _a[Sin lugar de publicación] :
_bAmerican Ornithologists Union,
_c1993.
300 _a131 páginas
650 1 4 _aOrnitología
_vDirectorios.
700 1 _aRosenberg, Kenneth V.,
_ecompilador
700 1 _aWiedenfeld, David A.
_ecompilador
942 _cLIBRO
_2ddc
999 _c4657
_d4657